[Event "Campeonato de Aragon por Equipos 2009"]
[Site "Aragon"]
[Date "2009.02.07"]
[Round "3.62"]
[White "Minguez Guinda Andres"]
[Black "Yanez Acin Gonzalo"]
[Result "0-1"]
[WhiteElo "1942"]
[BlackElo "1907"]

1.e4 Nf6 2.e5 Nd5 3.d4 d6 4.f4 Bf5 5.c4 Nb6 6.Nc3 dxe5 7.fxe5 e6 8.Nf3 Be7 9.
Be3 O-O 10.Be2 Bh4+ 11.g3 Be7 12.O-O Nc6 13.a3 f6 14.Nh4 Bh3 15.Bg4 Bxg4 16.
Qxg4 f5 17.Nxf5 Rxf5 18.d5 Nxe5 19.Qe4 Nbxc4 20.Bf4 Bc5+ 21.Kh1 Qf6 22.dxe6
Qxe6 23.Qxb7 Raf8 24.Rfe1 Qc6+ 25.Qxc6 Nxc6 26.Ne4 Nxb2 27.Bxc7 Bd4 28.Rab1
Nd3 29.Red1 Nf2+ 30.Nxf2 Rxf2 31.Rbc1 Ne5 32.Rxd4 Nf3 33.g4 Nxd4 34.Bg3 Ne2
35.Rc7 Nxg3+ 36.hxg3 Ra2 37.Kg1 Rb8 0-1

[Event "Campeonato de Aragon por Equipos 2009"]
[Site "Aragon"]
[Date "2009.02.07"]
[Round "3.63"]
[White "Rodriguez Rodriguez Manuel"]
[Black "Buil Montanes Carlos"]
[Result "1/2-1/2"]
[WhiteElo "1899"]
[BlackElo "1898"]

1.d4 d5 2.Nf3 Nf6 3.e3 Bg4 4.Be2 e6 5.Nbd2 Nbd7 6.c3 Bd6 7.Qb3 Rb8 8.h3 Bh5 9.
c4 c6 10.c5 Bc7 11.Qc2 O-O 12.O-O Bg6 13.Bd3 Bxd3 14.Qxd3 b6 15.cxb6 axb6 16.
b3 e5 17.dxe5 Nxe5 18.Qf5 Qd7 19.Qxd7 Nfxd7 20.Nd4 c5 21.Nb5 Rb7 22.a4 Bb8 23.
Bb2 f5 24.Rad1 Nf6 25.Bxe5 Bxe5 26.Nf3 Bb8 27.Nd2 f4 28.Nc3 fxe3 29.fxe3 Re8
30.Rf3 Rbe7 31.Nf1 Rd7 32.Rf5 Re5 33.Rxe5 Bxe5 34.Ne2 Ne4 35.g4 Kf7 36.Kg2 Ke6
37.Nd2 Nxd2 38.Rxd2 Rf7 39.Rc2 Kd6 40.Nc3 Bxc3 41.Rxc3 Kc6 42.Rd3 Re7 43.Kf3
Re4 44.Ke2 c4 45.bxc4 Rxc4 46.Ra3 Kc5 47.Kd3 Kb4 48.Ra1 Ka5 49.Rf1 h5 50.Rf5
hxg4 51.hxg4 Rxa4 52.g5 Kb5 53.g6 Ra3+ 54.Kd4 Kc6 55.Rf7 Ra4+ 56.Kd3 Rg4 57.
Rxg7 b5 58.Rg8 b4 59.Rb8 1/2-1/2

[Event "Campeonato de Aragon por Equipos 2009"]
[Site "Aragon"]
[Date "2009.02.07"]
[Round "3.64"]
[White "Lencina Orodea Javier"]
[Black "Perez Puyal Jose J"]
[Result "0-1"]
[WhiteElo "1803"]
[BlackElo "1867"]

1.d4 c6 2.c4 d5 3.Nf3 Nf6 4.Nc3 g6 5.Bf4 Bg7 6.e3 O-O 7.Bd3 dxc4 8.Bxc4 Nbd7
9.O-O Nh5 10.Bg3 Nxg3 11.hxg3 e5 12.Qc2 exd4 13.Nxd4 c5 14.Ndb5 Ne5 15.Bb3 c4
16.Rad1 cxb3 17.Rxd8 bxc2 18.Rxf8+ Kxf8 19.Rc1 Bf5 20.e4 Bd7 21.Rxc2 a6 22.Nd6
Bc6 23.f4 Ng4 24.e5 Rd8 25.Ne2 h5 26.Nd4 Rxd6 0-1

[Event "Campeonato de Aragon por Equipos 2009"]
[Site "Aragon"]
[Date "2009.02.21"]
[Round "4.1"]
[White "Llorente Zaro Alfonso"]
[Black "Fontana Sotomayour Luis Javier"]
[Result "1-0"]
[WhiteElo "2403"]
[BlackElo "2340"]

1.d4 d5 2.c4 Nc6 3.Nc3 Nf6 4.Bg5 Ne4 5.cxd5 Nxc3 6.bxc3 Qxd5 7.Nf3 Bg4 8.Qb3
e6 9.Rb1 Qxb3 10.axb3 h6 11.Bf4 Bd6 12.Bxd6 cxd6 13.Nd2 Ke7 14.e4 e5 15.d5 Nb8
16.Nc4 Rc8 17.Kd2 Bd7 18.b4 Be8 19.Ra1 Nd7 20.Bd3 g6 21.Ra3 a6 22.Ne3 Rab8 23.
Rc1 Rc7 24.c4 Rbc8 25.Ra5 Nf6 26.Rc2 Bd7 27.f3 Ne8 28.c5 f6 29.Kc1 h5 30.Kb2
h4 31.Nc4 Bb5 32.cxd6+ Nxd6 33.Nxd6 Rxc2+ 34.Bxc2 Kxd6 35.Ra1 Rf8 36.h3 f5 37.
Rd1 fxe4 38.Bxe4 g5 39.g3 Be2 40.Re1 Bxf3 41.Rf1 Bxe4 42.Rxf8 hxg3 43.Rg8 Kxd5
44.Rxg5 g2 45.Kc3 b6 46.h4 a5 47.bxa5 bxa5 48.h5 a4 49.h6 Ke6 50.Rxg2 Kf6 51.
Rg7 Bg6 52.Ra7 Kf5 53.h7 Bxh7 54.Rxh7 1-0

[Event "Campeonato de Aragon por Equipos 2009"]
[Site "Aragon"]
[Date "2009.02.21"]
[Round "4.2"]
[White "Antoli Royo Joaquin Miguel"]
[Black "Ramon Perez Jose Luis"]
[Result "1-0"]
[WhiteElo "2323"]
[BlackElo "2315"]

1.e4 e5 2.Nf3 Nc6 3.Nc3 Nf6 4.d4 exd4 5.Nd5 Be7 6.Bc4 d6 7.Nxd4 Nxd4 8.Qxd4
Nxd5 9.Bxd5 Bf6 10.Qd3 O-O 11.c3 a5 12.a4 Qe7 13.O-O c6 14.Bb3 Be6 15.Bc2 g6
16.f4 d5 17.e5 Bg7 18.f5 gxf5 19.Rxf5 Qh4 20.g3 Qe4 21.Qd1 Bxf5 22.Bxe4 dxe4
23.Bg5 Rfe8 24.Bf6 Re6 25.g4 Bg6 26.h4 Bxf6 27.exf6 e3 28.h5 Be4 29.Qd4 Bd5
30.Qf4 Kh8 31.g5 Rae8 32.g6 fxg6 33.f7 1-0

[Event "Campeonato de Aragon por Equipos 2009"]
[Site "Aragon"]
[Date "2009.02.21"]
[Round "4.3"]
[White "Remiro Juste Fernando Jose"]
[Black "Cortes Lizano Jesus"]
[Result "1-0"]
[WhiteElo "2314"]
[BlackElo "2231"]

1.d4 d5 2.Nf3 c6 3.e3 Nf6 4.c4 g6 5.Nc3 Bg7 6.Be2 O-O 7.O-O dxc4 8.Bxc4 Bg4 9.
Be2 Nbd7 10.e4 Qb6 11.e5 Nd5 12.h3 Bxf3 13.Bxf3 e6 14.Re1 h6 15.h4 Ne7 16.Na4
Qc7 17.Be3 Rad8 18.Qc2 Nf5 19.h5 Rfe8 20.hxg6 fxg6 21.b4 Nf8 22.Red1 Qe7 23.
Rab1 a6 24.Nc5 Qf7 25.a4 g5 26.Be4 Nh4 27.g3 Nhg6 28.Bxg6 Nxg6 29.b5 cxb5 30.
axb5 Rf8 31.Qe4 a5 32.Nxb7 Nf4 33.gxf4 gxf4 34.Nxd8 Qh5 35.Bxf4 1-0

[Event "Campeonato de Aragon por Equipos 2009"]
[Site "Aragon"]
[Date "2009.02.21"]
[Round "4.4"]
[White "Maza Broto Pablo"]
[Black "Valiente Gimenez Jose Luis"]
[Result "0-1"]
[WhiteElo "1980"]
[BlackElo "2117"]

1.d4 d5 2.Nf3 Nf6 3.c4 c6 4.cxd5 cxd5 5.Nc3 Nc6 6.Bf4 a6 7.e3 Bf5 8.Bd3 Bxd3
9.Qxd3 e6 10.O-O Bd6 11.Bg5 O-O 12.Rfe1 Be7 13.Rad1 Rc8 14.Bxf6 Bxf6 15.e4
dxe4 16.Rxe4 Nb4 17.Qd2 Nd5 18.Rg4 Qa5 19.Qh6 Kh8 20.Qh5 g6 21.Qh6 Nxc3 22.
bxc3 Bg7 23.Qh3 Qf5 24.Rc1 Rxc3 25.Rf1 Kg8 26.Qh4 h6 27.Qg3 Rfc8 28.h3 R8c7
29.Qd6 R7c6 30.Qd8+ Kh7 31.Qh4 Qd5 32.Re1 Qd6 33.Ng5+ Kg8 34.Nf3 Rc1 35.Re4
R6c2 36.g3 Rxe1+ 37.Rxe1 Rxa2 38.Rc1 Qd5 39.Qf4 Qf5 40.Qe3 Qxh3 41.Qb3 Re2 42.
Qd3 Rb2 43.Rc5 b6 44.Rc8+ Kh7 45.Rc1 Qf5 46.Qe3 b5 47.Nh4 Qd5 48.Nf3 a5 49.Rc5
Qb3 50.Qf4 Qd1+ 51.Kg2 Rb1 52.g4 Qh1+ 53.Kg3 Rb3 54.Rc1 Rxf3+ 0-1

[Event "Campeonato de Aragon por Equipos 2009"]
[Site "Aragon"]
[Date "2009.02.21"]
[Round "4.5"]
[White "Colas Longares Rafael P"]
[Black "Adla Diego"]
[Result "0-1"]
[WhiteElo "2330"]
[BlackElo "2508"]

1.e4 c5 2.Nf3 e6 3.d3 d5 4.Nbd2 Nc6 5.g3 Bd6 6.Bg2 Nge7 7.O-O O-O 8.Nh4 b6 9.
f4 dxe4 10.Nxe4 Bc7 11.Kh1 f5 12.Nc3 Bb7 13.Be3 Qd7 14.Qd2 Rae8 15.Rae1 Bd8
16.Nf3 Ng6 17.d4 cxd4 18.Nxd4 Nxd4 19.Rd1 Bf6 20.Bxd4 Rd8 21.Be3 Qc7 22.Qf2
Bxc3 23.bxc3 Bxg2+ 24.Kxg2 Qxc3 25.Bd4 Qc4 26.c3 Ne7 27.Rfe1 Nc6 28.Qe2 Qxe2+
29.Rxe2 Rd6 30.Rde1 Nxd4 31.cxd4 Kf7 32.d5 Re8 33.dxe6+ Rexe6 34.Kf2 Rxe2+ 35.
Rxe2 Rd3 36.Ke1 h6 37.Rc2 Ra3 38.Kd1 g5 39.fxg5 hxg5 40.Kc1 Ra5 41.h4 Rc5 0-1

[Event "Campeonato de Aragon por Equipos 2009"]
[Site "Aragon"]
[Date "2009.02.21"]
[Round "4.6"]
[White "Glavina Rossi Pablo"]
[Black "Garcia Vicente Nieves"]
[Result "1-0"]
[WhiteElo "2465"]
[BlackElo "2228"]

1.e4 e5 2.Nf3 Nc6 3.Bb5 Nf6 4.d3 Bc5 5.O-O Nd4 6.Nxd4 Bxd4 7.c3 Bb6 8.Nd2 c6
9.Ba4 O-O 10.Bb3 d6 11.Nc4 Bg4 12.Qe1 Bc7 13.a4 d5 14.exd5 Qxd5 15.Bg5 Nd7 16.
f3 Be6 17.Nd2 Qxd3 18.Bxe6 fxe6 19.Ne4 Qc4 20.Qh4 Kh8 21.Kh1 Rf7 22.b3 Qxb3
23.Rfb1 Qd5 24.Be3 Bd8 25.Qh3 Nf8 26.Bc5 Bf6 27.c4 Qxc4 28.Bxf8 Rfxf8 29.Nd6
Qd5 30.Rd1 Qb3 31.Rab1 Qxa4 32.Qxe6 h6 33.Nf7+ Kh7 34.Qf5+ Kg8 35.Nxh6+ Kh8
36.Qg6 Qh4 37.Nf7+ Kg8 38.Rxb7 Rae8 39.Nd6 Rd8 40.Qb1 Bg5 41.Ne4 Be3 42.Rbd7
Bd4 43.Qb7 Rxd7 44.Qxd7 Qh6 45.Nd6 Qg6 46.Qxc6 Kh7 47.Qd7 Rb8 48.Nf5 Rb2 49.g4
Bb6 50.Rd6 Rb1+ 51.Kg2 Rb2+ 52.Kh3 Qg5 53.Rh6+ Qxh6+ 54.Nxh6 Kxh6 55.Qf5 g5
56.Qf6+ Kh7 57.Qxg5 Bd4 58.Qe7+ Kg8 59.g5 Rf2 1-0

[Event "Campeonato de Aragon por Equipos 2009"]
[Site "Aragon"]
[Date "2009.02.21"]
[Round "4.7"]
[White "Cabrera Moreno Daniel"]
[Black "Moreno Gracia Daniel"]
[Result "0-1"]
[WhiteElo "2207"]
[BlackElo "2212"]

1.d4 Nf6 2.Bg5 e6 3.e3 h6 4.Bh4 c5 5.c3 b6 6.Nd2 Bb7 7.Ngf3 Be7 8.Bd3 g5 9.Bg3
g4 10.Ne5 h5 11.Bh4 d6 12.Qa4+ Kf8 13.Nec4 Bxg2 14.Rg1 Bc6 15.Qc2 Nbd7 16.
O-O-O b5 17.Na3 b4 18.Nab1 Rc8 19.Ne4 cxd4 20.exd4 Nxe4 21.Bxe7+ Kxe7 22.Bxe4
Bxe4 23.Qxe4 Qa5 24.Rd3 Nf6 25.Qf4 Qxa2 26.Re1 bxc3 27.Rxc3 Rxc3+ 28.bxc3 Rb8
0-1

[Event "Campeonato de Aragon por Equipos 2009"]
[Site "Aragon"]
[Date "2009.02.21"]
[Round "4.8"]
[White "Quintin Navarro Alberto"]
[Black "Naval Vidiella Juan Luis"]
[Result "1-0"]
[WhiteElo "2098"]
[BlackElo "1687"]

1.d4 d6 2.c4 g6 3.Nc3 Bg7 4.e4 Nf6 5.f3 O-O 6.Be3 Nbd7 7.Qd2 c5 8.d5 Ne5 9.Bh6
Bxh6 10.Qxh6 Qb6 11.Qd2 Kg7 12.f4 Neg4 13.h3 Nh6 14.O-O-O a5 15.Bd3 Bd7 16.g4
Ne8 17.g5 Ng8 18.Rf1 f5 19.h4 e6 20.exf5 exf5 21.h5 Ne7 22.Qh2 Kf7 23.Re1 Rg8
24.Nge2 Qd8 25.Ng3 Nc7 26.Qe2 Rg7 27.Rh3 Qf8 28.hxg6+ hxg6 29.Qc2 Na6 30.a3 b6
31.Qb3 Qd8 32.Nb5 Be8 33.Re6 Bxb5 34.Qxb5 Kg8 35.Qb3 Nc7 36.Re2 Rb8 37.Qc3 Qd7
38.Reh2 Kf7 39.Qf6+ 1-0

[Event "Campeonato de Aragon por Equipos 2009"]
[Site "Aragon"]
[Date "2009.02.21"]
[Round "4.9"]
[White "Garza Marco Sergio"]
[Black "Chueca Forcen Alberto"]
[Result "1-0"]
[WhiteElo "2386"]
[BlackElo "2278"]

1.d4 d5 2.c4 c6 3.Nf3 Nf6 4.e3 e6 5.Bd3 Nbd7 6.b3 Bb4+ 7.Nbd2 Ne4 8.O-O f5 9.
Bb2 O-O 10.a3 Bd6 11.Ne5 Rf6 12.f4 Rh6 13.Ndf3 Ndf6 14.Qe2 Rh5 15.g3 Qe8 16.a4
g5 17.Ba3 Bc7 18.Qg2 Ba5 19.Bxe4 Nxe4 20.g4 fxg4 21.Nxg5 Nf6 22.Ngf7 Bc7 23.h3
Rh4 24.hxg4 Bd7 25.Qg3 Bxe5 26.fxe5 Rxg4 27.Nh6+ Kh8 28.Nxg4 Nh5 29.Qh4 Qg6
30.Ra2 dxc4 31.Rg2 Rg8 32.bxc4 c5 33.d5 exd5 34.e6 Bxe6 35.cxd5 Bxd5 36.Bb2+
Ng7 37.Rg3 Qc2 38.Nf6 Bc4 39.Nxg8 Bxf1 40.Bxg7+ Kxg8 41.Qd8+ 1-0

[Event "Campeonato de Aragon por Equipos 2009"]
[Site "Aragon"]
[Date "2009.02.21"]
[Round "4.10"]
[White "Hernando Garcia Antonio"]
[Black "Llanes Luno Ricardo"]
[Result "0-1"]
[WhiteElo "2202"]
[BlackElo "2225"]

1.Nf3 d5 2.c4 dxc4 3.Na3 Nf6 4.Nxc4 g6 5.g3 Bg7 6.Bg2 O-O 7.O-O Be6 8.Ne3 h6
9.d3 Nc6 10.Bd2 Qd7 11.Bc3 Rfe8 12.Qc2 Bh3 13.Ne5 Nxe5 14.Bxe5 Bxg2 15.Kxg2 c6
16.Bc3 Rad8 17.Rfc1 Nd5 18.Nxd5 Qxd5+ 19.Kg1 e5 20.a3 h5 21.Rd1 h4 22.f3 Re6
23.b4 Red6 24.a4 Qe6 25.g4 e4 26.Bxg7 exf3 27.exf3 Kxg7 28.Qc3+ Rd4 29.Re1 Qf6
30.Re3 Rxg4+ 0-1

[Event "Campeonato de Aragon por Equipos 2009"]
[Site "Aragon"]
[Date "2009.02.21"]
[Round "4.11"]
[White "Roche Simon Miguel Angel"]
[Black "Palacios Latasa Elias"]
[Result "0-1"]
[WhiteElo "2062"]
[BlackElo "2192"]

1.e4 Nc6 2.d4 d5 3.e5 Bf5 4.c3 f6 5.f4 e6 6.Nf3 Nce7 7.Bd3 Bxd3 8.Qxd3 Qd7 9.
a4 a5 10.O-O f5 11.Be3 Nc8 12.Kh1 Nh6 13.Nbd2 Nb6 14.b3 Be7 15.h3 O-O 16.Rg1
Rac8 17.Ra2 c5 18.dxc5 Bxc5 19.Bxc5 Rxc5 20.Nd4 Na8 21.N2f3 Qc8 22.Nb5 Nf7 23.
g4 Nc7 24.Nfd4 Nxb5 25.Nxb5 fxg4 26.hxg4 Nh6 27.Rf2 d4 28.c4 Qc6+ 29.Kh2 Rxe5
30.Qxd4 Re4 31.Qd6 Qe8 32.Nc3 Re3 33.Qd4 Nxg4+ 34.Rxg4 Qh5+ 35.Kg1 Re1+ 36.Kg2
Qxg4+ 37.Kh2 Qh5+ 38.Kg2 Qh1+ 0-1

[Event "Campeonato de Aragon por Equipos 2009"]
[Site "Aragon"]
[Date "2009.02.21"]
[Round "4.12"]
[White "Sarto Ramos Angel"]
[Black "Palacin Algas Angel"]
[Result "1/2-1/2"]
[WhiteElo "2004"]
[BlackElo "1948"]

1.d4 e6 2.Nf3 Nf6 3.e3 b6 4.Bd3 Bb7 5.Nbd2 c5 6.O-O Be7 7.Qe2 d5 8.c3 Nbd7 9.
a4 a6 10.Ne5 Nxe5 11.dxe5 Nd7 12.f4 O-O 13.Qh5 f5 14.g4 Qe8 15.Qxe8 Raxe8 16.
gxf5 exf5 17.c4 d4 18.Nb3 g5 19.exd4 cxd4 20.Kf2 gxf4 21.Bxf4 Bh4+ 22.Ke2 Nxe5
23.Bxe5 Rxe5+ 24.Kd2 Be4 25.a5 Bg5+ 26.Kc2 Rc8 27.c5 bxc5 28.Rg1 Bxd3+ 29.Kxd3
c4+ 30.Kxd4 Re4+ 31.Kd5 cxb3 32.Rxg5+ Kh8 33.Rxf5 Re2 34.Rb1 Rxh2 35.Rf6 Rd2+
36.Ke4 Re8+ 37.Kf3 Rd3+ 38.Kf2 Rd2+ 39.Kf3 Rd3+ 40.Kf2 Rd2+ 41.Kf1 Ree2 42.
Rxa6 Rf2+ 43.Kg1 Rg2+ 44.Kh1 Rh2+ 45.Kg1 Rdg2+ 46.Kf1 Rf2+ 47.Kg1 Rhg2+ 48.Kh1
Rh2+ 49.Kg1 1/2-1/2

[Event "Campeonato de Aragon por Equipos 2009"]
[Site "Aragon"]
[Date "2009.02.21"]
[Round "4.13"]
[White "Lasanta Rica Cesar"]
[Black "Laplaza Ara Carlos"]
[Result "1/2-1/2"]
[WhiteElo "2277"]
[BlackElo "1987"]

1.d4 d5 2.c4 e6 3.Nc3 Nf6 4.cxd5 exd5 5.Bg5 Be7 6.e3 Nbd7 7.Bd3 O-O 8.Nge2 c6
9.Qc2 Re8 10.f3 Nf8 11.Bh4 Nh5 12.Bf2 g6 13.O-O f5 14.e4 fxe4 15.fxe4 dxe4 16.
Nxe4 Be6 17.Be3 Bd5 18.N2c3 Nf6 19.h3 Nxe4 20.Nxe4 Ne6 21.Rae1 Rf8 22.Nc5
1/2-1/2

[Event "Campeonato de Aragon por Equipos 2009"]
[Site "Aragon"]
[Date "2009.02.21"]
[Round "4.14"]
[White "Gella Bitrian Diego"]
[Black "Glaria Murillo Christian"]
[Result "1/2-1/2"]
[WhiteElo "1864"]
[BlackElo "2154"]

1.e4 c5 2.Nf3 d6 3.d4 cxd4 4.Nxd4 Nf6 5.Nc3 a6 6.Be3 e6 7.f3 Be7 8.Qd2 Nc6 9.
g4 O-O 10.O-O-O Nxd4 11.Bxd4 b5 12.Kb1 Nd7 13.h4 Bb7 14.g5 b4 15.Ne2 a5 16.Be3
Ne5 17.Nd4 d5 18.Qh2 Nd7 19.e5 Nxe5 20.h5 Bd6 21.Bf4 Qb8 22.Nb5 Nxf3 23.Bxd6
Nxh2 24.Bxb8 Nxf1 25.Bf4 e5 26.Rhxf1 exf4 27.Rxf4 Rad8 28.Rf5 Rfe8 29.Nd4 Re4
30.Nb3 a4 31.Nc5 Bc8 32.Nxe4 Bxf5 33.Nc5 a3 34.Rd4 Re8 35.bxa3 bxa3 36.Nd3
Bxd3 37.cxd3 Re5 38.Rg4 Kf8 39.Kc2 Ke7 40.Kb3 Re3 41.Kc3 Ke6 42.g6 hxg6 43.
hxg6 f5 44.Ra4 Kf6 45.Kd4 Re2 46.Rxa3 Kxg6 47.Kxd5 f4 48.Rb3 f3 49.d4 f2 50.
Rf3 Kg5 51.a4 Kg4 52.Rf8 Ra2 53.Ke4 Rxa4 54.Rxf2 g5 1/2-1/2

[Event "Campeonato de Aragon por Equipos 2009"]
[Site "Aragon"]
[Date "2009.02.21"]
[Round "4.15"]
[White "Jimenez Fernandez Alejandro"]
[Black "Biarge Carnicer Arturo"]
[Result "0-1"]
[WhiteElo "1984"]
[BlackElo "1858"]

1.d4 d5 2.c4 e6 3.Nc3 c6 4.Nf3 Nf6 5.Bg5 Be7 6.cxd5 exd5 7.Qc2 Na6 8.a3 g6 9.
e3 Bf5 10.Bd3 Bxd3 11.Qxd3 Nc7 12.O-O O-O 13.Ne5 Ne6 14.Bh4 Rc8 15.b4 a6 16.
Na4 Ne4 17.Bxe7 Qxe7 18.Nb6 Rc7 19.Rfc1 f6 20.Nf3 N6g5 21.Nxg5 fxg5 22.f3 Nd6
23.Rc2 Qe6 24.Re1 Rcf7 25.Na4 g4 26.Nc5 Qe7 27.fxg4 Qh4 28.Qe2 b6 29.Nd3 Nc4
30.a4 Re8 31.Ne5 Nxe5 32.dxe5 Qe7 33.Rxc6 Qxb4 34.Rec1 Rxe5 35.h3 Qxa4 36.Rxb6
Qa3 37.Re1 a5 38.Rb8+ Kg7 39.Qd2 Qd6 40.Rb5 a4 41.Ra5 a3 42.Qa2 Qb4 0-1

[Event "Campeonato de Aragon por Equipos 2009"]
[Site "Aragon"]
[Date "2009.02.21"]
[Round "4.16"]
[White "Bellosta Lopez Pablo"]
[Black "Castillo Sanjuan Daniel"]
[Result "1-0"]
[WhiteElo "1835"]
[BlackElo "1892"]

1.e4 e5 2.Bc4 Bc5 3.Nc3 Nf6 4.d3 d6 5.Na4 Bb6 6.Nxb6 axb6 7.f4 Nc6 8.Nf3 Bg4
9.h3 Bxf3 10.Qxf3 Nd4 11.Qf2 b5 12.Bb3 Qe7 13.O-O Nxb3 14.cxb3 exf4 15.Bxf4
Nd7 16.b4 O-O 17.a3 Ne5 18.Qg3 f6 19.Rac1 c5 20.Qe3 Rac8 21.bxc5 dxc5 22.d4
Nc4 23.Qb3 Qxe4 24.Qxb5 Qxd4+ 25.Kh1 Nxb2 26.Rf3 c4 27.Qxb7 Nd3 28.Rg3 f5 29.
Bh6 g6 30.Rxd3 cxd3 31.Rxc8 Qa1+ 32.Rc1 Qe5 33.Bxf8 d2 34.Qb3+ Kh8 35.Rd1 Qe1+
36.Kh2 Qe5+ 37.Qg3 f4 38.Qf3 1-0

[Event "Campeonato de Aragon por Equipos 2009"]
[Site "Aragon"]
[Date "2009.02.21"]
[Round "4.17"]
[White "Villuendas Valero Adrian"]
[Black "Vera Jimenez Andres"]
[Result "1/2-1/2"]
[WhiteElo "2195"]
[BlackElo "2014"]

1.d4 Nf6 2.c4 g6 3.Nc3 d5 4.Bg5 Ne4 5.Bh4 Nxc3 6.bxc3 c6 7.e3 Bg7 8.Nf3 O-O 9.
Be2 Nd7 10.O-O Nf6 11.Qb3 Ne4 12.Qa3 Qd6 13.Bxe7 Qxa3 14.Bxa3 Nxc3 15.Bd3 Re8
16.Rfc1 dxc4 17.Bxc4 Nd5 18.Bxd5 cxd5 19.Rc7 h6 20.Rac1 b6 21.Ne5 Bxe5 22.dxe5
Be6 23.Bd6 Rec8 24.a3 Rxc7 25.Rxc7 Rc8 26.Rxc8+ Bxc8 27.Kf1 Ba6+ 28.Ke1 Bc4
29.Kd2 b5 30.Kc3 a5 31.Bc7 a4 32.Bd6 Kg7 33.Kd4 g5 34.e4 dxe4 35.Kxe4 Kg6 36.
f3 h5 37.g3 Be6 38.Be7 Bf5+ 39.Kd4 Be6 40.h4 g4 1/2-1/2

[Event "Campeonato de Aragon por Equipos 2009"]
[Site "Aragon"]
[Date "2009.02.21"]
[Round "4.18"]
[White "Sancho Casale Jesus"]
[Black "Cantin Zaborras Valentin"]
[Result "0-1"]
[WhiteElo "1901"]
[BlackElo "2177"]

1.e4 c5 2.Nf3 d6 3.d4 cxd4 4.Nxd4 Nf6 5.Nc3 g6 6.Be3 Bg7 7.f3 O-O 8.Qd2 Nc6 9.
Bc4 Bd7 10.h4 Rc8 11.Bb3 h5 12.O-O-O Ne5 13.Bg5 Nc4 14.Qe2 Na5 15.g4 Nxb3+ 16.
Nxb3 Rxc3 17.bxc3 Qc7 18.Bxf6 Bxf6 19.gxh5 Qxc3 20.hxg6 Rc8 21.gxf7+ Kxf7 22.
Qd3 Qb2+ 23.Kd2 Rxc2+ 24.Ke1 Rg2 25.Nd2 Bc3 26.Rb1 Qxd2+ 27.Qxd2 Rxd2 28.Kf1
a6 29.Rh3 Bxh3+ 0-1

[Event "Campeonato de Aragon por Equipos 2009"]
[Site "Aragon"]
[Date "2009.02.21"]
[Round "4.19"]
[White "Trenado Munoz Pedro"]
[Black "Muro Turon Raul"]
[Result "0-1"]
[WhiteElo "2094"]
[BlackElo "1815"]

1.e4 e5 2.Nf3 Nc6 3.Bb5 Nge7 4.Nc3 g6 5.d3 Bg7 6.Be3 Nd4 7.Bc4 c6 8.Bg5 f6 9.
Be3 d5 10.exd5 cxd5 11.Nxd4 dxc4 12.Ndb5 a6 13.Na3 cxd3 14.cxd3 Be6 15.O-O O-O
16.d4 exd4 17.Bxd4 Nf5 18.Bc5 Re8 19.Qxd8 Raxd8 20.Rad1 b5 21.Nc2 Bc4 22.Rxd8
Rxd8 23.Rc1 Bh6 24.Ne3 Nxe3 25.fxe3 Rd3 26.b3 Be6 27.Nd1 Rd2 28.a4 Bxb3 29.Nc3
bxa4 30.Ne4 Rd1+ 31.Rxd1 Bxd1 32.Nxf6+ Kf7 33.Ne4 Ke6 34.Nc3 Bc2 35.Kf2 Bg7
36.Ne2 Kd5 37.Ba3 Be5 38.g3 Kc4 39.Nc1 Bc3 40.Ke2 Bb4 41.Bb2 a3 0-1

[Event "Campeonato de Aragon por Equipos 2009"]
[Site "Aragon"]
[Date "2009.02.21"]
[Round "4.20"]
[White "Turon Perez David"]
[Black "Valiente Roy Jose Javier"]
[Result "1/2-1/2"]
[WhiteElo "1758"]
[BlackElo "2088"]

1.e4 c6 2.d4 d5 3.f3 Qb6 4.Nc3 e5 5.dxe5 Bc5 6.Nh3 Bxh3 7.gxh3 Bf2+ 8.Ke2 Bh4
9.Be3 Qxb2 10.Bd4 c5 11.Rb1 Qa3 12.Nb5 Qxa2 13.Nd6+ Kf8 14.Rxb7 Ne7 15.Bxc5
dxe4 16.Nxe4 Nc6 17.Rc7 Kg8 18.Bxe7 Nxe7 19.Qd7 h6 20.Nf6+ Bxf6 21.exf6 Ng6
22.Kf2 Nf8 23.Rc8 Qxc2+ 24.Rxc2 Nxd7 25.fxg7 Kxg7 26.Rg1+ Kf8 27.Rc7 Nb6 28.
Ba6 Rg8 29.Re1 Rg7 30.Ree7 Nd5 31.Rxa7 Rxa7 32.Rxa7 f6 33.Rxg7 Kxg7 34.Bc4 Ne7
35.Kg3 Nf5+ 36.Kf4 Nd4 37.h4 Nc6 38.h5 Ne5 39.Bb5 Nf7 40.Bc6 Nd6 41.Bd5 Nb5
42.Kf5 Nd4+ 43.Ke4 Ne2 44.Ke3 Nc3 45.Bc4 Na4 46.Kd4 Nb6 47.Be6 1/2-1/2

[Event "Campeonato de Aragon por Equipos 2009"]
[Site "Aragon"]
[Date "2009.02.21"]
[Round "4.21"]
[White "Casado Dominguez Juan Manuel"]
[Black "Martinez Catalin Francisco Javier"]
[Result "0-1"]
[WhiteElo "2180"]
[BlackElo "2261"]

1.e4 g6 2.Nf3 Bg7 3.Nc3 d6 4.Bc4 Nf6 5.Bb3 c5 6.d3 Nc6 7.Bg5 h6 8.Be3 O-O 9.
Qd2 Kh7 10.Ne2 Ng4 11.c3 Nxe3 12.fxe3 e6 13.h4 b5 14.Nf4 Qe7 15.g4 Ne5 16.Nxe5
dxe5 17.Ne2 c4 18.dxc4 Rd8 19.Qc2 bxc4 20.Bxc4 Qc5 21.b3 Qxe3 22.Rg1 Bf6 23.g5
hxg5 24.Rg3 Qb6 25.hxg5 Be7 26.Ng1 Bxg5 27.Qh2+ Kg7 28.Rh3 Bf4 29.Rh7+ Kf8 30.
Rh8+ Ke7 31.Qh4+ g5 0-1

[Event "Campeonato de Aragon por Equipos 2009"]
[Site "Aragon"]
[Date "2009.02.21"]
[Round "4.22"]
[White "Solano Lasierra Javier"]
[Black "Hernandez Delgado Gabriel"]
[Result "1-0"]
[WhiteElo "2144"]
[BlackElo "2023"]

1.c4 d6 2.Nc3 g6 3.d4 Bg7 4.e4 Nd7 5.f4 e6 6.Nf3 Ne7 7.Bd3 a6 8.O-O c5 9.d5
exd5 10.Nxd5 Nxd5 11.exd5 O-O 12.Qc2 Rb8 13.a4 b5 14.axb5 axb5 15.cxb5 Nb6 16.
Bd2 Nxd5 17.Bc4 Nb6 18.Ba5 Qf6 19.Bc3 Qxf4 20.Bxg7 Kxg7 21.b3 Nxc4 22.bxc4 Be6
23.Rac1 Rfc8 24.Kh1 d5 25.Nd2 Qd4 26.Nb3 Qe4 27.Qf2 d4 28.Qf6+ Kg8 29.Rce1 Qb7
30.Rxe6 fxe6 31.Qxe6+ Kh8 32.Kg1 Re8 33.Qf6+ Qg7 34.Qd6 Qe5 35.Rf8+ Kg7 36.
Qxe5+ Rxe5 37.Rxb8 Re3 38.Nxc5 Rc3 39.Ne6+ Kf6 40.Nxd4 Rxc4 41.Nf3 1-0

[Event "Campeonato de Aragon por Equipos 2009"]
[Site "Aragon"]
[Date "2009.02.21"]
[Round "4.23"]
[White "De la Riva Fernandez Eduardo"]
[Black "Pellicer Cemeli Jose Luis"]
[Result "1-0"]
[WhiteElo "1972"]
[BlackElo "2047"]

1.e4 e5 2.Nc3 Nc6 3.f4 Bc5 4.Nf3 d6 5.Na4 Bg4 6.Bb5 Ne7 7.c3 Bb6 8.Nxb6 axb6
9.O-O O-O 10.Be2 exf4 11.d4 Ng6 12.Ne1 Bxe2 13.Qxe2 Qe7 14.Nd3 Rae8 15.Re1 f5
16.Nf2 Qf7 17.Qf3 fxe4 18.Rxe4 Rxe4 19.Nxe4 Nh4 20.Qg4 Qe7 21.Bd2 f3 22.Bg5
Qf7 23.Bxh4 fxg2 24.Qxg2 Qf4 25.Bg5 Qf7 26.Rf1 Qg6 27.Rxf8+ Kxf8 28.Bh4 Qh5
29.Ng5 Qg6 30.Qe4 Qxe4 31.Nxe4 h6 32.Bg3 Ne7 33.Nxd6 cxd6 34.Bxd6 Kf7 35.Bxe7
Kxe7 36.Kf2 Ke6 37.Kf3 Kd5 38.Kf4 g6 39.h4 Kc4 40.Ke3 1-0

[Event "Campeonato de Aragon por Equipos 2009"]
[Site "Aragon"]
[Date "2009.02.21"]
[Round "4.24"]
[White "Felez Casedas Carlos"]
[Black "Requena Munguira Jorge"]
[Result "1/2-1/2"]
[WhiteElo "1990"]
[BlackElo "1859"]

1.e4 e5 2.Nf3 Nc6 3.d4 exd4 4.Nxd4 Nf6 5.Nc3 Bb4 6.Nxc6 dxc6 7.Qxd8+ Kxd8 8.
Bg5 h6 9.Bxf6+ gxf6 10.O-O-O+ Ke7 11.a3 Bd6 12.Be2 b5 13.g3 a5 14.f4 b4 15.Nb1
Be6 16.a4 h5 17.Nd2 h4 18.Bc4 Bc5 19.Bxe6 fxe6 20.Nc4 Bb6 21.g4 h3 22.Rd3 Rad8
23.Rhd1 Rxd3 24.Rxd3 Bg1 25.Nxa5 Bxh2 26.Nxc6+ Kf7 27.Nd8+ Ke7 28.Nc6+ Kf7 29.
Nd8+ Ke7 30.Nc6+ 1/2-1/2

[Event "Campeonato de Aragon por Equipos 2009"]
[Site "Aragon"]
[Date "2009.02.21"]
[Round "4.25"]
[White "Guetas Sanchez Hugo"]
[Black "Guzman Moneo Alberto"]
[Result "0-1"]
[WhiteElo "2147"]
[BlackElo "2231"]

1.e4 e6 2.b3 d5 3.Bb2 dxe4 4.Nc3 Nf6 5.g4 h6 6.Bg2 Qd4 7.Qe2 Nc6 8.O-O-O e5 9.
Nxe4 Ba3 10.c3 Bxb2+ 11.Kxb2 Qd7 12.Nxf6+ gxf6 13.h3 Qe7 14.Be4 Bd7 15.Qf3 h5
16.Ne2 hxg4 17.hxg4 O-O-O 18.Ng3 Rdg8 19.Rxh8 Rxh8 20.Nh5 Rh6 21.Qe3 Rh8 22.
Bxc6 Bxc6 23.Qxa7 b6 24.Qa6+ Kb8 25.Qc4 Bf3 26.Re1 f5 27.a4 fxg4 28.Ng3 Rh2
29.Ne4 f5 30.Qg8+ Ka7 31.Ng3 Qd7 32.Qg5 f4 33.Nf1 Rxf2 34.Qxe5 Qd6 35.Qh8
Rxd2+ 0-1

[Event "Campeonato de Aragon por Equipos 2009"]
[Site "Aragon"]
[Date "2009.02.21"]
[Round "4.26"]
[White "Navarro Alonso Jorge Luis"]
[Black "Sig Vargas Marcos"]
[Result "1-0"]
[WhiteElo "2176"]
[BlackElo "2117"]

1.e4 c5 2.Nf3 d6 3.d4 cxd4 4.Nxd4 Nf6 5.Nc3 a6 6.Bc4 e6 7.O-O b5 8.Bb3 Be7 9.
f4 b4 10.Na4 O-O 11.Be3 Bb7 12.f5 e5 13.Ne2 Nbd7 14.Ng3 Nxe4 15.Nxe4 Bxe4 16.
c3 a5 17.Qg4 Nf6 18.Qg3 Kh8 19.Rad1 Qe8 20.Nb6 Rd8 21.cxb4 axb4 22.Rc1 Bc6 23.
Rfd1 d5 24.Qxe5 Ng4 25.Qg3 Nxe3 26.Qxe3 d4 27.Qd3 Bg5 28.Rc4 Be3+ 29.Kh1 Be4
30.Qf1 Rd6 31.Rc8 Rd8 32.Rxd8 Qxd8 33.Nc4 Bg5 34.Ne5 Qc7 35.Qb5 Qe7 36.Re1 Be3
37.Rf1 h6 38.Bxf7 Qd6 39.Ng6+ Kh7 40.Nxf8+ Qxf8 41.Bg6+ Kh8 42.Qe5 Qa8 43.Qg3
Bd3 44.Rd1 Bc2 45.Rf1 Bd3 46.Rf3 Qc8 47.Rxe3 dxe3 48.Qxe3 Bxf5 49.Qe8+ Qxe8
50.Bxe8 g5 51.Kg1 Kg7 52.Kf2 Kf6 53.Ke3 Ke5 54.g3 Bc8 55.a3 bxa3 56.bxa3 Ba6
57.a4 Bb7 58.Bb5 h5 59.a5 h4 60.a6 Ba8 61.Be2 1-0